000 00242nam a2200097Ia 4500
008 191206s9999 xx 000 0 und d
020 _a9.78086E+12
090 _aPS3551N464
245 0 _aALL GOD'S CHILDREN NEED TRAVELLING SHOES
260 _cc1987
999 _c15439
_d15439